| LEADER 00000nam 2200000uu 4500 |
| 001 213634 |
| 003 ULIBM |
| 008 230726s||||||||th 000 0 tha d |
| 020 ^a978-616-422-045-4
|
| 040 ^abcnkk
|
| 041 ^atha
|
| 060 04 ^aWI700^bศ334L 2562
|
| 100 1 ^aศักรินทร์ จิรพงศธร
|
| 245 10 ^aLiver diseases :^ban essential guide /^cศักรินทร์ จิรพงศธร
|
| 250 ^aพิมพ์ครั้งที่ 1
|
| 260 ^aกรุงเทพฯ :^bโครงการตำรา วิทยาลัยแพทยศาสตร์พระมงกุฎเกล้า,^c2562
|
| 300 ^a183 หน้า :^bภาพประกอบ ;^c26 ซม.
|
| 500 ^aโครงการตำรา วิทยาลัยแพทยศาสตร์พระมงกุฎเกล้า
|
| 504 ^aมีบรรณานุกรมและดัชนี
|
| 650 2 ^aLiver Diseases
|
| 999 ^aใช้งานได้ทุกระบบ
|